000 01104nam a2200313 a 4500
001 4474658
003 OSt
005 20170105101212.0
008 961029s1997 wiua b 001 0 eng
010 _a 96083903
020 _a0697288986
040 _aDLC
_cDLC
050 0 0 _aP90
_b.P372 1997
082 0 0 _a302.2
_221
100 1 _aPearson, Judy C.
245 1 3 _aAn introduction to human communication :
_bunderstanding & sharing /
_cJudy C. Pearson, Paul E. Nelson.
246 3 _aUnderstanding and sharing
250 _a7th ed.
260 _aMadison, WI :
_bBrown & Benchmark,
_cc1997.
300 _axix, 389 p. :
_bill. (some col.) ;
_c26 cm.
500 _aRev. ed. of: Understanding & sharing. 6th ed. c1994.
504 _aIncludes bibliographical references and index.
650 0 _aCommunication.
700 1 _aNelson, Paul E.
_q(Paul Edward),
_d1941-
700 1 _aPearson, Judy C.
_tUnderstanding & sharing.
906 _a7
_bcbc
_corignew
_d2
_eopcn
_f19
_gy-gencatlg
942 _2ddc
_cBK
999 _c3259
_d3259